Rezort financií predložil novelu zákona o bankách

Návrh novely zákona o bankách. Zmena financovania hypotekárnych úverov bankami. Hypoúver bude financovaný najmenej vo výške 90 percent prostredníctvom hypotekárnych záložných listov.

Salvato in:
Dettagli Bibliografici
Autore principale: Kuruc, Radko
Natura: Capitolo di libro
Lingua:slovacco
Soggetti:
Tags: Aggiungi Tag
Nessun Tag, puoi essere il primo ad aggiungerne!!

MARC

LEADER 00000naa a2200000 4500
001 r049487
005 20230925124451.2
041 0 |a slo 
044 |a SK 
245 1 0 |a Rezort financií predložil novelu zákona o bankách  |c Radko Kuruc 
520 |a Návrh novely zákona o bankách. Zmena financovania hypotekárnych úverov bankami. Hypoúver bude financovaný najmenej vo výške 90 percent prostredníctvom hypotekárnych záložných listov. 
610 2 0 |a banky 
610 2 0 |a úver hypotekárny 
610 2 0 |a listy záložné hypotekárne 
610 2 0 |a zákony 
610 2 0 |a novelizácia 
610 2 0 |a Slovensko 
100 1 |a Kuruc, Radko